| 000 | 01716nam a2200325 a 4500 | ||
|---|---|---|---|
| 001 | 000038078 | ||
| 003 | DO-SdBPM | ||
| 005 | 20260511082856.0 | ||
| 007 | ta | ||
| 008 | 130313s2008 dr 000 0 spa d | ||
| 020 | _a9789945865127 | ||
| 040 |
_aDO-SdBPM _bspa _cBPMSU _drda |
||
| 082 | 4 |
_a342.7293083 _bR332m 2008 _222 |
|
| 245 | 0 | 0 |
_aReforma y modernización del sistema político dominicano : _bley de acceso a la información balance y análisis |
| 264 |
_aSanto Domingo : _bFLASCO : _bCONARE, _c2008. |
||
| 300 |
_a4v. ; _c22 cm. |
||
| 336 |
_atexto _btxt _2rdacontent |
||
| 337 |
_asin mediación _bn _2rdamedia |
||
| 338 |
_avolumen _bnc _2rdacarrier |
||
| 500 | _aIncluye referencias bibliográficas y notas al pie de las páginas | ||
| 505 |
_gv.1. : 1o. Panel-- _tSeparación de poderes y sistemas de control: los poderes del estado en la reforma constitucional de la República Dominicana / _rCristóbal Rodríguez Gómez _gv. 2. : 2o. Panel-- _tEl papel de los partidos políticos en la construcción de la transparencia en la administración pública-- _gv.3. : 3o. Panel- _tNacionalidad, ciudadanía y reforma constitucional en la República Dominicana de principios del siglo XXI / _rWilfredo Lozano _gv.4. : 4o. Panel-- _tLey de acceso a la información: balance y analisís. |
||
| 590 | _aInventariado, 2026/VM | ||
| 650 | 7 |
_aCiudadanía _zRepública Dominicana |
|
| 650 | 7 |
_aReforma judicial _zRepública Dominicana |
|
| 651 | 7 |
_aRepública Dominicana _xDerecho constitucional |
|
| 710 | 2 | _aFacultad Latinoamericcana de Ciencias Sociales | |
| 710 | 1 |
_aRepública Dominicana. _bConsejo Nacional de Administración del Estado |
|
| 910 | _aVMateo V. Control de calidad. BPMSU | ||
| 942 |
_2ddc _cBK |
||
| 999 |
_c15834 _d15834 |
||